Κατάλογος Βιβλιοθηκών Mediterranean College

Management Accounting / Text and Cases: Prentice-Hall International Editions (Record no. 873)

MARC details
000 -LEADER
fixed length control field 02136cam a22002054a 4500
005 - ΗΜΕΡΟΜΗΝΙΑ ΚΑΙ ΩΡΑ ΤΕΛΕΥΤΑΙΑΣ ΕΝΗΜΕΡΩΣΗΣ
Πεδίο ελέγχου 20250605163948.0
008 - FIXED-LENGTH DATA ELEMENTS--GENERAL INFORMATION
Πεδίο ελέγχου σταθερού μήκους 250528s ||||||||||||||||||||||||d
035 ## - SYSTEM CONTROL NUMBER
System control number 15282
020 ## - ISBN
ISBN 135513596
040 ## - ΠΗΓΗ ΚΑΤΑΛΟΓΟΓΡΑΦΗΣΗΣ
Φορέας πρωτότυπης καταλογογράφησης MC Athens Campus Library
Γλώσσα καταλογογράφησης Ελληνικά, Μοντέρνα (1453-)
Modifying agency MC Athens Campus Library
Κανόνες περιγραφικής καταλογογράφησης AACR2
245 1# - ΤΙΤΛΟΣ ΚΑΙ ΔΗΛΩΣΗ ΥΠΕΥΘΥΝΟΤΗΤΑΣ
Τίτλος Management Accounting / Text and Cases: Prentice-Hall International Editions
260 ## - PUBLICATION, DISTRIBUTION, ETC.
Name of publisher, distributor, etc. Prentice Hall International,
Date of publication, distribution, etc. 1988
300 ## - PHYSICAL DESCRIPTION
Extent 642
505 0# - FORMATTED CONTENTS NOTE
Formatted contents note Preface, Introduction, Cost Accounting Systems, An Introduction to Manufacturing Cost Accounting Systems, Standard Cost Accounting Systems, Historical and Combination Cost Accounting Systems, Assigning Overhead Costs to Products, Miscellaneous Topics in Cost Accounting, Decison Support Systems, Decision Support Systems: Tactical Marketing Decisions, Decision Support Systems: Disinvestment Decisions, Decision Support Systems: Capital Investment Decisions, Financial Control Systems, Manufacturing Cost Varriance Analysis, Financial Control of Manufacturing Overhead Expenses, Financial Control of Discretionary Expenses, Profit Analysis, Management Control Systems, Profit Centers, Transfer Pricing, Measurement of Performance, Cost Accounting and Control in Service Industries, Comprehensive Cases.
520 ## - SUMMARY, ETC.
Summary, etc. Preface, Introduction, Cost Accounting Systems, An Introduction to Manufacturing Cost Accounting Systems, Standard Cost Accounting Systems, Historical and Combination Cost Accounting Systems, Assigning Overhead Costs to Products, Miscellaneous Topics in Cost Accounting, Decison Support Systems, Decision Support Systems: Tactical Marketing Decisions, Decision Support Systems: Disinvestment Decisions, Decision Support Systems: Capital Investment Decisions, Financial Control Systems, Manufacturing Cost Varriance Analysis, Financial Control of Manufacturing Overhead Expenses, Financial Control of Discretionary Expenses, Profit Analysis, Management Control Systems, Profit Centers, Transfer Pricing, Measurement of Performance, Cost Accounting and Control in Service Industries, Comprehensive Cases.
700 1# - ΠΡΟΣΘΕΤΗ ΑΝΑΓΡΑΦΗ--ΦΥΣΙΚΟ ΠΡΟΣΩΠΟ
Personal name Dearden John
9 (RLIN) 1175
942 ## - ADDED ENTRY ELEMENTS (KOHA)
Koha item type Books
Holdings
Τύπος τεκμηρίου Βιβλιοθήκη Τρέχουσα τοποθεσία Barcode Αριθμός εισαγωγής Ημερομηνία απόκτησης Ταξιθετικό σύμβολο Αριθμός αντιτύπου Κατάσταση απόσυρσης Κατάσταση χαμένου Κατάσταση κατεστραμμένου Μη δανεισμός Σύνολο δανεισμών Ημερομηνία τελευταίας εμφάνισης Η τιμή ισχύει από
Books MC Athens Campus Library MC Athens Campus Library 9780000008725 1526 05/06/2025 658.1/511 DEA 1           05/06/2025 05/06/2025

MC Athens Campus Library
Πατησίων 94 & Κοδριγκτώνος 13, 104 34
Πελλήνης 8 & Πατησίων 107, 112 51
Τ: +30 210 8899600

MC Thessaloniki Campus Library
Ίωνος Δραγούμη 21, 54625 | Ίωνος Δραγούμη 15, 54625
Τ: +30 2310 287779 – Τ: +30 2314 440300